Co jsou procesy s jakostí plus mínus 6 sigma?

Prísne požiadavky na kvalitu výrobných procesov, ktoré majú zaistiť, že výrobca (dodávateľ) je schopný priamo vo vlastnom výrobnom procese plniť prianie odberateľa na kvalitu dodávok dlhých sérií, aby tieto dodávky neobsahovali takmer žiadne nezhodné jednotky. Kvalita týchto procesov je spájaná s te...

ver descrição completa

Na minha lista:
Detalhes bibliográficos
Autor principal: Horálek, Vratislav
Formato: Capítulo de Livro
Idioma:tcheco
Assuntos:
Tags: Adicionar Tag
Sem tags, seja o primeiro a adicionar uma tag!

MARC

LEADER 00000naa a2200000 4500
001 r040103
005 20230524135249.0
041 0 |a cze 
044 |a CZ 
245 1 0 |a Co jsou procesy s jakostí plus mínus 6 sigma?  |c Vratislav Horálek 
520 |a Prísne požiadavky na kvalitu výrobných procesov, ktoré majú zaistiť, že výrobca (dodávateľ) je schopný priamo vo vlastnom výrobnom procese plniť prianie odberateľa na kvalitu dodávok dlhých sérií, aby tieto dodávky neobsahovali takmer žiadne nezhodné jednotky. Kvalita týchto procesov je spájaná s termínom "akosť plus mínus 6 sigma". Objasnenie obsahu termínu "akosť plus mínus 6 sigma". 
610 2 0 |a kvalita 
610 2 0 |a riadenie kvality 
610 2 0 |a proces výrobný 
610 2 0 |a dodávatelia 
610 2 0 |a úroveň výroby technická 
610 2 0 |a Šesť sigma 
100 1 |a Horálek, Vratislav